Harry Potter [Volume 5]: Harry Potter and the Order of the Phoenix / (Record no. 12814)

000 -LEADER
fixed length control field 01407cam a2200349Ia 4500
020 ## - INTERNATIONAL STANDARD BOOK NUMBER
ISBN 0439358078 (pbk.)
020 ## - INTERNATIONAL STANDARD BOOK NUMBER
ISBN 9780439358071 (pbk.)
020 ## - INTERNATIONAL STANDARD BOOK NUMBER
ISBN 9780756941635 (lib. bind.)
020 ## - INTERNATIONAL STANDARD BOOK NUMBER
ISBN 0756941636 (lib. bind.)
020 ## - INTERNATIONAL STANDARD BOOK NUMBER
ISBN 143952002X (PawPrnt)
020 ## - INTERNATIONAL STANDARD BOOK NUMBER
ISBN 9781439520024 (PawPrnt)
040 ## - CATALOGING SOURCE
Transcribing agency NPL
082 04 - DEWEY DECIMAL CLASSIFICATION NUMBER
Classification number 823 SCH 2004 A094 Or.
100 1# - MAIN ENTRY--AUTHOR NAME
Personal name Rowling, J. K.
245 10 - TITLE STATEMENT
Title Harry Potter [Volume 5]: Harry Potter and the Order of the Phoenix /
246 30 - VARYING FORM OF TITLE
Title proper/short title Order of the Phoenix
260 ## - PUBLICATION, DISTRIBUTION, ETC. (IMPRINT)
Place of publication New York :
Name of publisher Scholastic, Inc.,
Year of publication 2004, c2003.
300 ## - PHYSICAL DESCRIPTION
Number of Pages xv, 870 p. :
Other physical details ill. ;
Dimensions 20 cm.
490 1# - SERIES STATEMENT
Series statement Rowling ;
500 ## - GENERAL NOTE
General note Sequel to: Harry Potter and the goblet of fire.
500 ## - GENERAL NOTE
General note "Year 5"--Spine.
520 ## - SUMMARY, ETC.
Summary, etc When the government of the magic world and authorities at Hogwarts School of Witchcraft and Wizardry refuse to believe in the growing threat of a freshly revived Lord Voldemort, fifteen-year-old Harry Potter finds support from his loyal friends in facing the evil wizard and other new terrors.
650 #0 - SUBJECT ADDED ENTRY--TOPICAL TERM
Topical Term Potter, Harry (Fictitious character)
650 #0 - SUBJECT ADDED ENTRY--TOPICAL TERM
Topical Term Granger, Hermione (Fictitious character)
650 #0 - SUBJECT ADDED ENTRY--TOPICAL TERM
Topical Term Weasley, Ron (Fictitious character)
650 #0 - SUBJECT ADDED ENTRY--TOPICAL TERM
Topical Term Wizards
650 #0 - SUBJECT ADDED ENTRY--TOPICAL TERM
Topical Term Magic
650 #0 - SUBJECT ADDED ENTRY--TOPICAL TERM
Topical Term Schools
650 #0 - SUBJECT ADDED ENTRY--TOPICAL TERM
Topical Term Hogwarts School of Witchcraft and Wizardry (Imaginary organization)
700 1# - ADDED ENTRY--PERSONAL NAME
Personal name GrandPr©♭, Mary.
942 ## - ADDED ENTRY ELEMENTS (KOHA)
Koha item type សៀវភៅភាសាអង់គ្លេស
952 ## - LOCATION AND ITEM INFORMATION (KOHA)
Withdrawn status [LOCAL, KOHA] 0
Holdings
Permanent Location Date acquired Koha item type Lost status Shelving location Barcode Current Location Full call number
Library Block A2017-08-17សៀវភៅភាសាអង់គ្លេស A094A17427Library Block A823 SCH 2004 A094 Or.
មជ្ឈមណ្ឌលឯការនៃសាកលវិទ្យាល័យភូមិន្ទកសិកម្មចំការដូង

Powered by Koha